¿A quién le interesa la salud de los trabajadores? /

Gespeichert in:
Bibliographische Detailangaben
1. Verfasser: Epelman P., Mario
Format: Text
Schlagworte:
Tags: Tag hinzufügen
Keine Tags, Fügen Sie den ersten Tag hinzu!

MARC

LEADER 00000 a a2200000 04500
001 47526
003
040
090 |a REV0857 6 (16) 1980  
100 |a Epelman P., Mario  
245 |a ¿A quién le interesa la salud de los trabajadores? /  |c Mario Epelman P.  
650 |a TRABAJADORES  
650 |a MOVIMIENTOS OBREROS  
650 |a SALUD OCUPACIONAL  
773 |g volumen6, número16, mayo-agosto (1980)  
999 |c 32016  |d 32016 
773 0 |0 44476  |9 7711  |a Universidad de Costa Rica.  |d San José, Costa Rica : CSUCA 1975-  |o koha 32016  |t Revista Centroamericana de Ciencias de la Salud /